000 00474nam a2200157 i 4500
001 27781
003 ES-MaACL
005 20230906153716.0
007 t|
008 030115s1934 fr ||||1| fre d
100 1 _aAynard, Joseph.
_924185
245 1 0 _aLa bourgeoisie française
_b: essai de psychologie /
_cpar Joseph Aynard.
260 _aPars :
_bLibrairie Académique Perrin,
_c1934 (
_fEvreuse Ch. Herissey)
300 _a517 p. ;
_c20 cm.
852 _aES-MaACL
_jA-2528
999 _c27781
_d27781